[Event "Women's Speed Chess Q5"]
[Site "chess.com INT"]
[Date "2021.06.04"]
[Round "1"]
[White "Antolak, Julia"]
[Black "Vu, Bui Thi Thanh Van"]
[Result "1-0"]
[WhiteTitle "WIM"]
[BlackTitle "WFM"]
[WhiteElo "2309"]
[BlackElo "1750"]
[WhiteFideId "1159569"]
[BlackFideId "12408921"]
[EventDate "2021.06.04"]

1. e4 e6 2. d4 d5 3. Nd2 c5 4. exd5 Qxd5 5. Ngf3 cxd4 6. Bc4 Qd6 7. O-O Nf6 8.
Nb3 Nc6 9. Nbxd4 Nxd4 10. Nxd4 a6 11. Bg5 Be7 12. c3 O-O 13. Qe2 b5 14. Bd3 Bb7
15. Rad1 Nd5 16. Bxe7 Nxe7 17. Qg4 Ng6 18. Nxb5 Qb6 19. Nd4 Rad8 20. Rd2 Rd6 21.
Rfd1 Rfd8 22. Bxg6 hxg6 23. Qe2 Qc5 24. Nb3 Qc6 25. f3 Qb6+ 26. Qf2 Qxf2+ 27.
Kxf2 Rxd2+ 28. Rxd2 Rxd2+ 29. Nxd2 Kf8 30. Ke3 Ke7 31. Kd4 Kd6 32. Nc4+ Ke7 33.
Na5 Bc8 34. Kc5 e5 35. Nc6+ Ke6 36. b4 f5 37. c4 e4 38. fxe4 fxe4 39. b5 axb5
40. cxb5 e3 41. Nd4+ Ke5 42. Ne2 Bb7 43. a4 Bxg2 44. a5 Bf3 45. Nc3 e2 46. Nxe2
Bxe2 47. a6 Bf3 48. b6 Kf4 49. b7 Bxb7 50. axb7 Kf3 51. b8=Q Kg2 52. Qg3+ 1-0

[Event "Women's Speed Chess Q5"]
[Site "chess.com INT"]
[Date "2021.06.04"]
[Round "1"]
[White "Pavlidou, Ekaterini"]
[Black "Cori T., Deysi"]
[Result "0-1"]
[WhiteTitle "WIM"]
[BlackTitle "WGM"]
[WhiteElo "2157"]
[BlackElo "2388"]
[WhiteFideId "4213262"]
[BlackFideId "3801934"]
[EventDate "2021.06.04"]

1. d4 Nf6 2. c4 e6 3. Nc3 Bb4 4. e3 O-O 5. Bd2 b6 6. Nf3 Bb7 7. Bd3 c5 8. a3
cxd4 9. exd4 Bxc3 10. Bxc3 d5 11. O-O dxc4 12. Bxc4 Nd5 13. Re1 Nd7 14. Bb4 Nxb4
15. axb4 Rc8 16. Bb3 Rc7 17. Qd3 Bxf3 18. Qxf3 Nf6 19. Red1 Qd6 20. b5 Rfc8 21.
Qd3 h6 22. g3 Rd8 23. Ra4 e5 24. d5 Rdd7 25. h4 e4 26. Qd4 Rc5 27. Rda1 Rxb5 28.
Bc4 Rb4 29. Qd2 a5 30. Rxb4 axb4 31. Ra8+ Kh7 32. f3 Qxg3+ 33. Qg2 Qe1+ 34. Qf1
Qxh4 35. fxe4 Qg3+ 36. Qg2 Qe3+ 37. Qf2 Qc1+ 38. Qf1 Qg5+ 39. Kh1 Nxe4 40. Bd3
Qxd5 41. Qf3 Qxd3 42. Qf5+ g6 43. Qe5 Qf1+ 44. Kh2 Rd2# 0-1

[Event "Women's Speed Chess Q5"]
[Site "chess.com INT"]
[Date "2021.06.04"]
[Round "1"]
[White "Batsiashvili, Nino"]
[Black "Campos, Maria Jose"]
[Result "1/2-1/2"]
[WhiteTitle "GM"]
[BlackTitle "WFM"]
[WhiteElo "2491"]
[BlackElo "2133"]
[WhiteFideId "13602993"]
[BlackFideId "146803"]
[EventDate "2021.06.04"]

1. d4 Nf6 2. c4 e6 3. Nc3 Bb4 4. e3 b6 5. Bd3 Bb7 6. Nf3 O-O 7. O-O d5 8. Bd2
dxc4 9. Bxc4 Nbd7 10. Qe2 c5 11. Rad1 Rc8 12. Ba6 Bxa6 13. Qxa6 Bxc3 14. Bxc3
Qc7 15. Qe2 Ne4 16. Be1 Ndf6 17. dxc5 Qxc5 18. Nd4 Rfd8 19. f3 Nd6 20. Bh4 Qc4
21. Qf2 Nb5 22. Bxf6 gxf6 23. Qg3+ Kf8 24. Nb3 Qe2 25. Rxd8+ Rxd8 26. Qf2 Qd3
27. Rc1 a5 28. Re1 a4 29. Nc1 a3 30. bxa3 Qxa3 31. h3 Nc3 32. Ne2 Rd2 33. Qf1
Nd5 34. e4 Ne3 35. Qf2 Qd3 36. Qg3 Rxe2 37. Qb8+ Kg7 38. Qg3+ Kf8 39. Qb8+ Kg7
40. Qg3+ Kf8 1/2-1/2

[Event "Women's Speed Chess Q5"]
[Site "chess.com INT"]
[Date "2021.06.04"]
[Round "1"]
[White "Kabanova, Ekaterina"]
[Black "Linares Napoles, Oleiny"]
[Result "0-1"]
[WhiteTitle "WFM"]
[BlackTitle "WGM"]
[WhiteElo "2138"]
[BlackElo "2255"]
[WhiteFideId "24112917"]
[BlackFideId "3504794"]
[EventDate "2021.06.04"]

1. c4 c5 2. Nf3 g6 3. e3 Bg7 4. Be2 Nf6 5. h4 Nc6 6. Ng5 h5 7. g4 d5 8. cxd5
Qxd5 9. Bf3 Qd7 10. gxh5 Nxh5 11. Nc3 Ne5 12. Be2 Nd3+ 13. Bxd3 Qxd3 14. Qf3 O-O
15. Qe4 Qxe4 16. Ngxe4 b6 17. Rg1 Bb7 18. f3 Rad8 19. a4 Rd7 20. a5 Rfd8 21.
axb6 axb6 22. Na4 Ra8 23. Ra3 Bxe4 24. fxe4 Rd6 25. Ke2 c4 26. Nc3 Rxa3 27. bxa3
Bxc3 28. dxc3 b5 29. Bd2 Ra6 30. Bc1 Nf6 31. Kf3 Nd7 32. h5 Ne5+ 33. Kf4 Nd3+
34. Kg5 Kg7 35. Rf1 Re6 36. hxg6 fxg6 37. Kg4 Rxe4+ 38. Kf3 Re6 39. Bd2 Rf6+ 40.
Ke2 Rxf1 41. Kxf1 Kf6 42. Kg2 Kf5 43. Kf3 Ne5+ 44. Ke2 Ke4 45. Be1 g5 46. Bg3
Nd3 47. Bc7 g4 48. Bb8 e5 49. Ba7 g3 50. Kf1 Kf3 51. Kg1 Nf2 52. e4 Nxe4 53. Bb8
Nxc3 54. Bxe5 Ne2+ 0-1

[Event "Women's Speed Chess Q5"]
[Site "chess.com INT"]
[Date "2021.06.04"]
[Round "1"]
[White "Yu, Jennifer"]
[Black "Chitlange, Sakshi"]
[Result "1-0"]
[WhiteTitle "FM"]
[BlackTitle "WIM"]
[WhiteElo "2316"]
[BlackElo "2167"]
[WhiteFideId "2078341"]
[BlackFideId "35002899"]
[EventDate "2021.06.04"]

1. c4 Nf6 2. Nc3 e6 3. e4 d5 4. cxd5 exd5 5. e5 d4 6. exf6 dxc3 7. Bb5+ c6 8.
Qe2+ Be6 9. Bc4 cxd2+ 10. Bxd2 Qxf6 11. Nf3 Be7 12. Bc3 Bxc4 13. Qxc4 Qe6+ 14.
Qxe6 fxe6 15. Bxg7 Rg8 16. Be5 Bb4+ 17. Kf1 Nd7 18. Bg3 O-O-O 19. a3 Be7 20. Re1
Bf6 21. b4 Bb2 22. Re3 Nb6 23. Ke2 Nd5 24. Rb3 Nc3+ 25. Ke3 Nd5+ 26. Ke4 Rg4+
27. Kd3 Nxb4+ 28. Ke3 Nc2+ 29. Ke2 Re4+ 30. Re3 Nxe3 31. fxe3 Bxa3 32. Nd2 Rb4
33. Ra1 Rb2 34. Rxa3 Rdxd2+ 35. Kf3 Ra2 36. Rb3 b5 37. Rc3 Rac2 38. Ra3 Kb7 39.
Be5 Rxg2 40. Bd4 a6 41. Be5 Rgd2 42. Rb3 Rb2 43. Rxb2 Rxb2 44. Bxb2 a5 45. Ke4
b4 46. Kd4 Kb6 47. Kc4 c5 48. Bf6 a4 49. Be7 b3 50. Bxc5+ Ka5 51. Ba3 Kb6 52.
Kb4 Kc6 53. e4 Kd6 54. Bb2 Kc6 55. Kxa4 Kc5 56. Kxb3 1-0

[Event "Women's Speed Chess Q5"]
[Site "chess.com INT"]
[Date "2021.06.04"]
[Round "1"]
[White "Zaichenko, Daria"]
[Black "Kiran, Manisha Mohanty"]
[Result "0-1"]
[WhiteTitle "WFM"]
[BlackTitle "WGM"]
[WhiteElo "2104"]
[BlackElo "2168"]
[WhiteFideId "4197453"]
[BlackFideId "5019575"]
[EventDate "2021.06.04"]

1. e4 c5 2. Nf3 d6 3. d4 cxd4 4. Nxd4 Nf6 5. Nc3 Nc6 6. Bc4 e6 7. O-O Be7 8. Be3
O-O 9. Kh1 a6 10. a4 Qc7 11. Bb3 Bd7 12. f4 Nxd4 13. Bxd4 Bc6 14. Qf3 b5 15.
Rae1 b4 16. Nd1 Qb7 17. Nf2 e5 18. fxe5 dxe5 19. Bxe5 Rae8 20. Ng4 Bxe4 21. Rxe4
Nxe4 22. Re1 Nc5 23. Qg3 Bg5 24. h4 Nxb3 25. cxb3 f5 26. Ne3 Bxe3 27. Rxe3 Re6
28. Qf4 Rfe8 29. Bd4 Rxe3 30. Bxe3 Qe4 31. Qg5 Qxe3 32. Qxf5 Qe1+ 33. Kh2 Qxh4+
34. Qh3 Qxh3+ 35. Kxh3 Re3+ 0-1

[Event "Women's Speed Chess Q5"]
[Site "chess.com INT"]
[Date "2021.06.04"]
[Round "1"]
[White "Arpita, Mukherjee"]
[Black "Sukandar, Irine Kharisma"]
[Result "0-1"]
[WhiteTitle "WIM"]
[BlackTitle "IM"]
[WhiteElo "2206"]
[BlackElo "2413"]
[WhiteFideId "5056403"]
[BlackFideId "7101937"]
[EventDate "2021.06.04"]

1. e4 e5 2. Nf3 d6 3. Bb5+ c6 4. Be2 Nf6 5. Nc3 Be7 6. d4 Qc7 7. a4 O-O 8. O-O
a5 9. h3 Na6 10. Bg5 Nb4 11. Bc4 b6 12. Qe2 Ba6 13. Bxa6 Nxa6 14. Qc4 h6 15. Bh4
Rfe8 16. Bg3 Bf8 17. dxe5 dxe5 18. Rad1 Bb4 19. Na2 Bc5 20. Nc1 Nh5 21. Bh2 Nf4
22. c3 b5 23. axb5 cxb5 24. Qxb5 Reb8 25. Qa4 Rxb2 26. Nd3 Nxd3 27. Rxd3 f6 28.
Qc4+ Kh7 29. Qd5 Rab8 30. Qe6 Rxf2 31. Nd4 Bxd4 32. cxd4 Rxf1+ 33. Kxf1 Rb1+ 34.
Ke2 Qc2+ 35. Rd2 Qxe4+ 36. Kf2 Qe1+ 37. Kf3 Rb3+ 38. Qxb3 e4+ 39. Kg4 Qxd2 40.
h4 h5+ 41. Kf5 Qxd4 42. Qf7 Qc5+ 43. Kxe4 Nb4 44. Bf4 Nc2 45. Kf3 Nd4+ 46. Ke4
Nb5 47. Be3 Nd6+ 48. Kf3 Qf5+ 49. Ke2 Nxf7 0-1

[Event "Women's Speed Chess Q5"]
[Site "chess.com INT"]
[Date "2021.06.04"]
[Round "1"]
[White "Skuhala, Barbara"]
[Black "Purtseladze, Maka"]
[Result "0-1"]
[WhiteTitle "WFM"]
[BlackTitle "IM"]
[WhiteElo "2077"]
[BlackElo "2274"]
[WhiteFideId "14605465"]
[BlackFideId "13602659"]
[EventDate "2021.06.04"]

1. e4 c6 2. d4 d5 3. f3 Qb6 4. Nc3 e5 5. Nge2 exd4 6. Nxd4 Bb4 7. Nb3 dxe4 8.
Qe2 Ne7 9. fxe4 Bxc3+ 10. bxc3 O-O 11. Be3 Qc7 12. Qd2 Rd8 13. Bd3 b6 14. O-O c5
15. c4 Be6 16. Qf2 Nbc6 17. Bf4 Ne5 18. Rad1 N7g6 19. Bg3 Qe7 20. Qe2 Bg4 21.
Qf2 Bxd1 22. Rxd1 Nxc4 23. Rf1 Nce5 24. Be2 Qe6 25. h4 Rf8 26. h5 Ne7 27. Nd2
Rad8 28. Nf3 Ng4 29. Qe1 Qxe4 30. h6 Qe3+ 31. Bf2 Nxf2 32. Rxf2 gxh6 33. Kh1 Nf5
34. Kh2 Rfe8 35. Qf1 Qf4+ 36. Kg1 Ng3 37. Qe1 Nxe2+ 38. Rxe2 Rxe2 39. Qxe2 Kg7
40. Qe7 Rd1+ 41. Kf2 Rc1 42. Qe2 Qf5 43. Qe3 Rxc2+ 44. Kg1 Rc4 45. Qa3 Rg4 46.
Qc3+ Qf6 47. Qa3 h5 48. Kh2 h4 49. Qxa7 Qf4+ 50. Kh1 h3 51. Qa3 hxg2+ 52. Kg1
Rg3 53. Qc3+ f6 54. Qd3 Qxf3 55. Qd7+ Kg6 56. Qe8+ Kf5 57. Qd7+ Ke4 58. Qc6+ Kd4
59. Qa4+ Ke3 60. Qb3+ Kf4 61. Qc4+ Qe4 0-1

[Event "Women's Speed Chess Q5"]
[Site "chess.com INT"]
[Date "2021.06.04"]
[Round "1"]
[White "Balabayeva, Xeniya"]
[Black "Berend, Elvira"]
[Result "0-1"]
[WhiteTitle "WFM"]
[BlackTitle "WGM"]
[WhiteElo "2116"]
[BlackElo "2326"]
[WhiteFideId "13719688"]
[BlackFideId "4000510"]
[EventDate "2021.06.04"]

1. e4 c5 2. Nf3 e6 3. g3 Nc6 4. Bg2 d6 5. O-O Nf6 6. Re1 e5 7. c3 Be7 8. d4 cxd4
9. cxd4 Bg4 10. d5 Nd4 11. Be3 Nxf3+ 12. Bxf3 Bxf3 13. Qxf3 O-O 14. Nc3 Nd7 15.
Rac1 a6 16. a4 Bg5 17. Bxg5 Qxg5 18. Qe3 Qxe3 19. Rxe3 Rac8 20. f4 Rc4 21. Rd1
Rfc8 22. Kg2 f6 23. Kf3 Nc5 24. a5 Rb4 25. Re2 Nb3 26. Kg2 Nxa5 27. fxe5 fxe5
28. Rf1 Nc4 29. Rff2 Rf8 30. Nd1 a5 31. Rxf8+ Kxf8 32. Kf2 a4 33. Rc2 Ke7 34.
Ke2 Kd7 35. Kd3 Na5 36. Ke3 Nb3 37. Nc3 Nc5 38. Rf2 Ke7 39. Rc2 Rb3 40. Ke2 b5
41. Nd1 Rb4 42. Nc3 Rc4 43. Ke3 b4 0-1

[Event "Women's Speed Chess Q5"]
[Site "chess.com INT"]
[Date "2021.06.04"]
[Round "1"]
[White "Belenkaya, Dina"]
[Black "Komiagina, Maria"]
[Result "1-0"]
[WhiteTitle "WGM"]
[BlackTitle "WIM"]
[WhiteElo "2341"]
[BlackElo "2241"]
[WhiteFideId "24142654"]
[BlackFideId "4153987"]
[EventDate "2021.06.04"]

1. e4 c5 2. Nc3 Nc6 3. g3 g6 4. Bg2 Bg7 5. d3 e6 6. Be3 d6 7. Qd2 Rb8 8. Nge2 b5
9. d4 b4 10. Na4 cxd4 11. Nxd4 Nge7 12. O-O O-O 13. Rfd1 Ne5 14. Bh6 Qa5 15.
Bxg7 Kxg7 16. b3 Rd8 17. f4 N5c6 18. a3 Qc7 19. axb4 Nxb4 20. c4 Bd7 21. Nc3 Qb6
22. Kh1 a6 23. Ra3 Nec6 24. Nf3 Be8 25. Na4 Qc7 26. Qc3+ Kg8 27. h4 h5 28. Ng5
Qe7 29. Nb2 a5 30. Na4 e5 31. Qd2 Nd4 32. Nc3 Ra8 33. Nd5 Nxd5 34. exd5 Ra7 35.
Rda1 Rb8 36. Qc3 a4 37. b4 Rab7 38. b5 Rc7 39. Qd3 Rbc8 40. Rxa4 Bd7 41. fxe5
dxe5 42. Ne4 f5 43. Ng5 1-0

[Event "Women's Speed Chess Q5"]
[Site "chess.com INT"]
[Date "2021.06.04"]
[Round "1"]
[White "Morris-Suzuki, Sophie"]
[Black "Rakshitta, Ravi"]
[Result "1-0"]
[WhiteTitle "WFM"]
[BlackTitle "WIM"]
[WhiteElo "2043"]
[BlackElo "2190"]
[WhiteFideId "30922615"]
[BlackFideId "25073230"]
[EventDate "2021.06.04"]

1. d4 Nf6 2. c4 Nc6 3. Nf3 e6 4. a3 d6 5. g3 g6 6. Bg2 Bg7 7. O-O O-O 8. d5 Ne7
9. dxe6 fxe6 10. Nc3 e5 11. c5 Be6 12. Ng5 Bc8 13. cxd6 cxd6 14. Qb3+ d5 15. Rd1
Kh8 16. e4 h6 17. Nxd5 Nexd5 18. Nf3 Qb6 19. Qc4 Ne7 20. Nxe5 Be6 21. Qe2 Kh7
22. Be3 Qc7 23. Bf4 Qa5 24. b4 Qa4 25. Nd3 Bc4 26. Bd6 Rfe8 27. Qf3 Qa6 28. Nc5
Qc6 29. Qc3 Bf7 30. e5 Nfd5 31. Qd2 b6 32. Ne4 Nf5 33. Rac1 Qb7 34. g4 Nxd6 35.
Nxd6 Qe7 36. Nxf7 Qxf7 37. Bxd5 Qd7 38. Bxa8 Qxg4+ 39. Bg2 Bxe5 40. Qd7+ Qxd7
41. Rxd7+ Bg7 42. Rcc7 Re1+ 43. Bf1 h5 44. Rxg7+ Kh6 45. h4 g5 46. hxg5# 1-0

[Event "Women's Speed Chess Q5"]
[Site "chess.com INT"]
[Date "2021.06.04"]
[Round "1"]
[White "Mkrtchian, Lilit"]
[Black "Head, Louise"]
[Result "1-0"]
[WhiteTitle "IM"]
[BlackTitle "WFM"]
[WhiteElo "2388"]
[BlackElo "2090"]
[WhiteFideId "13300601"]
[BlackFideId "424773"]
[EventDate "2021.06.04"]

1. e4 c6 2. d4 d5 3. e5 Bf5 4. Nf3 e6 5. Be2 h6 6. O-O Ne7 7. Nbd2 Nd7 8. Nb3 c5
9. Nxc5 Nxc5 10. dxc5 Nc6 11. Nd4 Bh7 12. Bb5 Rc8 13. b4 Qc7 14. Re1 Be7 15. c3
O-O 16. Nxc6 bxc6 17. Ba6 Rb8 18. Bf4 Rfd8 19. Qd2 Rd7 20. Be3 Rbd8 21. Bd4 Rb8
22. f4 Be4 23. Bd3 Bxd3 24. Qxd3 a5 25. a3 Ra8 26. f5 exf5 27. Qxf5 Rdd8 28. e6
f6 29. Re3 Rdb8 30. Rg3 axb4 31. cxb4 Qd8 32. Qg6 Qf8 33. Rf1 Kh8 34. Rf5 Qg8
35. Bxf6 Bxf6 36. Rxf6 Rf8 37. Rf7 Rxf7 38. exf7 Qf8 39. Qxc6 Rd8 40. Qe6 d4 41.
Rd3 g6 42. Qxg6 Qg7 43. Qxg7+ Kxg7 44. c6 Kxf7 45. b5 Ke6 46. c7 Rc8 47. b6 Kd6
48. b7 Kxc7 49. bxc8=Q+ Kxc8 50. Rxd4 Kc7 51. Rh4 h5 52. Rxh5 Kb6 53. g4 Kc6 54.
g5 Kd6 55. g6 Ke7 56. g7 Kf7 57. Rg5 Kg8 58. h4 Kh7 59. g8=Q+ Kh6 60. Qg7# 1-0

[Event "Women's Speed Chess Q5"]
[Site "chess.com INT"]
[Date "2021.06.04"]
[Round "1"]
[White "Zaksaite, Salomeja"]
[Black "Zawadzka, Jolanta"]
[Result "1-0"]
[WhiteTitle "WIM"]
[BlackTitle "WGM"]
[WhiteElo "2202"]
[BlackElo "2403"]
[WhiteFideId "12801496"]
[BlackFideId "1122320"]
[EventDate "2021.06.04"]

1. e4 c5 2. Nf3 Nc6 3. Bb5 d6 4. O-O Bd7 5. Re1 a6 6. Bf1 Nf6 7. c3 Bg4 8. h3
Bxf3 9. Qxf3 g6 10. Qd1 Bg7 11. d4 O-O 12. d5 Nb8 13. Nd2 b5 14. f4 Qb6 15. Nf3
Rd8 16. Kh2 a5 17. Qc2 Na6 18. a3 c4 19. Be3 Nc5 20. Bd4 Qc7 21. g4 Re8 22. g5
Nh5 23. Be3 e6 24. Nd4 exd5 25. exd5 Qb7 26. Nc6 Qd7 27. Bg2 Nd3 28. Re2 Nhxf4
29. Bxf4 Nxf4 30. Re4 Nxg2 31. Kxg2 Rxe4 32. Qxe4 Re8 33. Qf3 h6 34. h4 a4 35.
Rf1 Rf8 36. Kg3 Kh7 37. Kg2 f6 38. gxf6 Rxf6 39. Qe4 Rxf1 40. Kxf1 Qh3+ 41. Ke1
Qg3+ 42. Kd1 Bf6 43. Qe6 Qxh4 44. Qf7+ Bg7 45. Nd4 Qh1+ 46. Kc2 Qe4+ 47. Kc1
Qe3+ 48. Kc2 Qe4+ 49. Kc1 Qe5 50. Ne6 h5 51. Nf8+ Kh6 52. Qxg6# 1-0

[Event "Women's Speed Chess Q5"]
[Site "chess.com INT"]
[Date "2021.06.04"]
[Round "1"]
[White "Li, Xueyi"]
[Black "Tokhirjonova, Gulrukhbegim"]
[Result "1-0"]
[WhiteTitle "WGM"]
[BlackTitle "WGM"]
[WhiteElo "2303"]
[BlackElo "2344"]
[WhiteFideId "8605912"]
[BlackFideId "14203626"]
[EventDate "2021.06.04"]

1. d4 Nf6 2. Nf3 e6 3. g3 c5 4. Bg2 d5 5. c4 Nc6 6. O-O dxc4 7. Ne5 Nxe5 8. dxe5
Nd5 9. Na3 c3 10. bxc3 Nxc3 11. Qc2 Nd5 12. Rd1 Qc7 13. Bb2 Be7 14. Bxd5 exd5
15. Rxd5 O-O 16. Rad1 a6 17. Nc4 Be6 18. R5d2 Rfd8 19. Nd6 Rd7 20. Ba3 b6 21. f4
Bh3 22. Qc4 Bf8 23. f5 Qc6 24. e4 Raa7 25. Qd5 Qa4 26. Bb2 Bg4 27. Rf1 Rac7 28.
Qa8 Qc6 29. Qxc6 Rxc6 30. Kg2 Bxd6 31. h3 Rd8 32. exd6 Bh5 33. g4 Rcxd6 34. Rd5
Rxd5 35. exd5 Rxd5 36. gxh5 f6 37. Rf2 b5 38. Kf3 c4 39. Ke4 Rd3 40. Bd4 Rxh3
41. Bc5 Rxh5 42. Kd5 g6 43. Ke6 Kg7 44. Be7 gxf5 45. Bxf6+ Kf8 46. Rd2 1-0

[Event "Women's Speed Chess Q5"]
[Site "chess.com INT"]
[Date "2021.06.04"]
[Round "1"]
[White "Kanyamarala, Trisha"]
[Black "Padmini, Rout"]
[Result "0-1"]
[WhiteTitle "WIM"]
[BlackTitle "IM"]
[WhiteElo "2180"]
[BlackElo "2370"]
[WhiteFideId "45004722"]
[BlackFideId "5029295"]
[EventDate "2021.06.04"]

1. d4 Nf6 2. c4 c5 3. e3 g6 4. Nf3 Bg7 5. Nc3 O-O 6. Be2 cxd4 7. Nxd4 d5 8. cxd5
Nxd5 9. Bd2 Nb6 10. Nb3 Nc6 11. O-O a6 12. e4 Be6 13. Nc5 Bc4 14. Be3 Qc7 15.
Bxc4 Nxc4 16. Nd5 Nxe3 17. Nxc7 Nxd1 18. Nxa8 Nxf2 19. Rxf2 Rxa8 20. Nb3 Rd8 21.
Rd2 Rxd2 22. Nxd2 Bxb2 23. Rb1 Bd4+ 24. Kf1 b5 25. Ke2 Be5 26. h3 Kg7 27. Nb3 a5
28. Rc1 Nb4 29. a3 Na2 30. Rc5 Bd6 31. Rc8 a4 32. Nc5 Nc3+ 33. Kd3 Nb1 34. Nb7
Nxa3 35. Nxd6 exd6 36. Rb8 Kf6 37. Kc3 Ke5 38. Kb2 Nc4+ 39. Kc3 Kxe4 40. Rxb5 d5
41. Rb4 a3 42. Ra4 f5 43. Kc2 f4 44. Kd1 Kd3 45. Kc1 Kc3 46. Ra8 d4 47. Kd1 d3 0-1

[Event "Women's Speed Chess Q5"]
[Site "chess.com INT"]
[Date "2021.06.04"]
[Round "1"]
[White "Tsolakidou, Stavroula"]
[Black "Varshini, V"]
[Result "1-0"]
[WhiteTitle "IM"]
[BlackTitle "WGM"]
[WhiteElo "2379"]
[BlackElo "2226"]
[WhiteFideId "4264312"]
[BlackFideId "5091241"]
[EventDate "2021.06.04"]

1. d4 d5 2. c4 e6 3. Nf3 Nf6 4. g3 Be7 5. Bg2 O-O 6. O-O b6 7. cxd5 exd5 8. Nc3
Bb7 9. Ne5 c5 10. dxc5 bxc5 11. Qb3 Qb6 12. Nxd5 Nxd5 13. Bxd5 Bxd5 14. Qxd5 Na6
15. Nd7 Qd8 16. Qb7 Qc8 17. Qxc8 Rfxc8 18. Bf4 f6 19. Rfd1 Kf7 20. Rd2 Ke8 21.
Rad1 Rd8 22. h4 Rac8 23. e4 Nb4 24. e5 Nc6 25. e6 Nd4 26. Rxd4 cxd4 27. Rxd4 Rc2
28. Ra4 Rc6 29. Re4 Rc2 30. Ra4 Rxb2 31. Rxa7 Rc2 32. Ra6 Rdc8 33. Nb6 Rd8 34.
Nd7 Re2 35. Kf1 Re4 36. Be3 Rc8 37. Ke2 Rec4 38. Nb6 Rc2+ 39. Kd1 R8c6 40. Ra8+
Bd8 41. Nd5 R2c4 42. e7 Rc8 43. exd8=Q+ Kxd8 44. Rxc8+ Rxc8 45. a4 Ra8 46. a5
Ke8 47. Nc7+ 1-0

[Event "Women's Speed Chess Q5"]
[Site "chess.com INT"]
[Date "2021.06.04"]
[Round "1"]
[White "Ziegenfuss, Antonia"]
[Black "Obolentseva, Alexandra"]
[Result "0-1"]
[WhiteTitle "WFM"]
[BlackTitle "WGM"]
[WhiteElo "2157"]
[BlackElo "2297"]
[WhiteFideId "12962554"]
[BlackFideId "24153648"]
[EventDate "2021.06.04"]

1. d4 Nf6 2. c4 g6 3. Nc3 Bg7 4. e4 O-O 5. Be2 d6 6. Be3 e5 7. d5 c6 8. g4 h5 9.
gxh5 gxh5 10. Bxh5 Nxh5 11. Qxh5 f5 12. Bg5 Qe8 13. Qxe8 Rxe8 14. O-O-O Bf8 15.
f3 f4 16. h4 Na6 17. h5 Nc7 18. Nh3 Bxh3 19. Rxh3 Kh7 20. c5 cxd5 21. exd5 dxc5
22. Ne4 Bg7 23. h6 Bh8 24. d6 Ne6 25. d7 Rg8 26. d8=Q Nxd8 27. Rd7+ Kg6 28. h7
Rf8 29. Rh6+ Kf5 30. Be7 Nf7 31. Bxf8 Nxh6 32. Bxh6 Kg6 33. Bg5 b5 34. Bd8 Rc8
35. Bc7 c4 36. Nd6 Rf8 37. Ne4 Kh6 38. Bd6 Re8 39. Rxa7 Rd8 40. Rf7 Re8 41. Rf8
Rxf8 42. Bxf8+ Kxh7 43. Be7 Kg6 44. Kc2 Kf5 45. Kc3 Bg7 46. b3 cxb3 47. axb3 Ke6
48. Bh4 Bf8 49. b4 Kd5 50. Nf6+ Ke6 51. Kd3 Be7 52. Kc3 Bxf6 53. Bxf6 Kxf6 54.
Kd3 Kf5 55. Ke2 e4 56. fxe4+ Kxe4 57. Kf2 0-1

[Event "Women's Speed Chess Q5"]
[Site "chess.com INT"]
[Date "2021.06.04"]
[Round "1"]
[White "Agrest, Inna"]
[Black "Nguyen, Hong Anh"]
[Result "1/2-1/2"]
[WhiteTitle "WIM"]
[BlackTitle "WIM"]
[WhiteElo "2285"]
[BlackElo "1993"]
[WhiteFideId "1708830"]
[BlackFideId "12406732"]
[EventDate "2021.06.04"]

1. e4 c5 2. Nf3 Nc6 3. d4 cxd4 4. Nxd4 g6 5. Nc3 Bg7 6. Be3 Nf6 7. Bc4 Qa5 8.
O-O d6 9. h3 O-O 10. Bb3 Bd7 11. Qd3 Rac8 12. Rad1 Ne5 13. Qe2 b5 14. f4 Nc4 15.
Bxc4 Rxc4 16. e5 Nh5 17. Qf3 dxe5 18. fxe5 Bxe5 19. Nb3 Qd8 20. Nxb5 Rxc2 21.
N5d4 Rxb2 22. Nc5 Bd6 23. Ne4 Be5 24. Nc6 Bh2+ 25. Kxh2 Qc7+ 26. Kg1 Bxc6 27.
Bd4 Rxa2 28. Rc1 Qb7 29. Rxc6 Ra4 30. Nc5 Qb4 31. Nxa4 Qxd4+ 32. Kh1 Qxa4 33.
Rcc1 Qd7 34. Rcd1 Qc7 35. Kg1 a5 36. Rd5 Nf6 37. Rb5 a4 38. Rfb1 Qa7+ 39. Kh1 a3
40. Rb7 a2 41. Ra1 Qc5 42. Rxa2 Rd8 43. Ra1 Qe5 44. Rf1 Rc8 45. Rbb1 Rc3 46. Qf2
Qe6 47. Rbe1 Qc4 48. Rxe7 Ne4 49. Rxe4 Rxh3+ 50. gxh3 Qxe4+ 51. Qg2 Qe6 52. Qf3
h5 53. Rf2 Kg7 54. Kg2 Qd6 55. Qc3+ Kg8 56. Qf6 Qd5+ 57. Qf3 Qd7 58. Re2 Kg7 59.
Qe4 Qd8 60. Qe5+ Kh7 61. Rf2 Kg8 62. Qf6 Qd5+ 63. Qf3 Qd7 64. Qe3 Qd5+ 65. Qf3 1/2-1/2

[Event "Women's Speed Chess Q5"]
[Site "chess.com INT"]
[Date "2021.06.04"]
[Round "1"]
[White "Soumya, Swaminathan"]
[Black "Gevorgyan, Maria"]
[Result "0-1"]
[WhiteTitle "IM"]
[BlackTitle "WGM"]
[WhiteElo "2351"]
[BlackElo "2219"]
[WhiteFideId "5016193"]
[BlackFideId "13300270"]
[EventDate "2021.06.04"]

1. d4 Nf6 2. c4 c5 3. d5 e6 4. Nc3 exd5 5. cxd5 d6 6. Nf3 g6 7. Bf4 a6 8. a4 Bg7
9. e4 O-O 10. Nd2 Re8 11. Be2 Qe7 12. O-O Nbd7 13. h3 Ne5 14. Re1 h6 15. Bh2 g5
16. f4 gxf4 17. Bxf4 Nh7 18. Rf1 Rb8 19. Qe1 Ng6 20. Bh2 Ng5 21. Bd3 Ne5 22. Bc2
b5 23. axb5 axb5 24. h4 Nh7 25. Bf4 Ng4 26. Qg3 b4 27. Bxd6 Qb7 28. Bxb8 bxc3
29. bxc3 Qb2 30. Qf4 Nhf6 31. Ba4 Re7 32. d6 Rb7 33. Nc4 Qxc3 34. Rac1 Qd4+ 35.
Kh1 Be6 36. d7 Bxd7 37. e5 Qxf4 38. Rxf4 Nh5 39. Bxd7 Nxf4 40. Bxg4 Rxb8 41. Rf1
Ng6 42. e6 fxe6 43. Bxe6+ Kh8 44. h5 Nf8 45. Bd5 Rd8 46. Bf7 Rd4 47. Ne3 Rh4+
48. Kg1 Bd4 49. Rf3 Kg7 50. Kf2 Re4 51. Bc4 Bxe3+ 52. Rxe3 Rxc4 53. Re7+ Kf6 54.
Rc7 Ne6 55. Rc6 Rf4+ 0-1

[Event "Women's Speed Chess Q5"]
[Site "chess.com INT"]
[Date "2021.06.04"]
[Round "1"]
[White "Papp, Petra"]
[Black "Nanditha, V"]
[Result "1-0"]
[WhiteTitle "WGM"]
[BlackTitle "WCM"]
[WhiteElo "2336"]
[BlackElo "1666"]
[WhiteFideId "739049"]
[BlackFideId "46626697"]
[EventDate "2021.06.04"]

1. e4 c6 2. d4 d5 3. Nd2 dxe4 4. Nxe4 Nf6 5. Nxf6+ exf6 6. c3 Bd6 7. Bd3 Qd7 8.
Ne2 O-O 9. O-O Qg4 10. Ng3 Qxd1 11. Rxd1 g6 12. Bh6 Re8 13. Re1 Be6 14. Ne4 Be7
15. Nc5 Bxc5 16. dxc5 Nd7 17. b4 Ne5 18. Bc2 Rad8 19. Be3 Kg7 20. Bd4 Bd5 21. f4
Nc4 22. a4 Re6 23. Kf2 Rde8 24. Rxe6 fxe6 25. Re1 e5 26. Bb3 e4 27. Kg3 Kf7 28.
Bc2 f5 29. Kf2 h6 30. b5 Na3 31. Bd1 cxb5 32. axb5 Nxb5 33. Ba4 Bc6 34. Ra1 a6
35. Bb3+ Kf8 36. Be5 Rd8 37. Ke2 Ke7 38. Bg7 h5 39. Rc1 Nc7 40. Be5 Ne6 41. Bd6+
Rxd6 42. cxd6+ Kxd6 43. Bxe6 Kxe6 44. Ke3 Bb5 45. Kd4 Bc6 46. c4 Kd6 47. g3 Ke6
48. c5 Bd5 49. Rb1 Bc6 50. h3 Kf6 51. Rg1 Ke6 52. g4 fxg4 53. hxg4 hxg4 54. Rxg4
Kf5 55. Rh4 a5 56. Ke3 a4 57. Rh8 1-0